Among the elephants. (Record no. 32654)

MARC details
000 -LEADER
fixed length control field 00335nam a2200133Ia 4500
082 ## - DEWEY DECIMAL CLASSIFICATION NUMBER
Classification number 599.61
Item number DOU
100 ## - MAIN ENTRY--AUTHOR NAME
Personal name DOUGLAS-HAMILTON, Iain
245 #0 - TITLE STATEMENT
Title Among the elephants.
260 ## - PUBLICATION, DISTRIBUTION, ETC. (IMPRINT)
Place of publication London
Name of publisher Collins
Year of publication 1975
650 ## - SUBJECT ADDED ENTRY--TOPICAL TERM
Topical Term Elephants
700 ## - ADDED ENTRY--PERSONAL NAME
Personal name DOUGLAS-HAMILTON, Oria
942 ## - ADDED ENTRY ELEMENTS (KOHA)
Koha item type Books
Holdings
Withdrawn status Lost status Damaged status Not for loan Home library Current library Date acquired Full call number Accession Number Koha item type
        RRII Library RRII Library 16/12/2021 599.61 DOU 13159 Books